000 00346nam a2200133Ia 4500
008 150202s9999 xx 000 0 und d
020 _a1551665425
050 _aFIC
_bFIC
100 _aWoods, Sherryl.
245 _aAfter tex /
_cSherryl Woods.
260 _aCanada :
_bMira Books,
_c1999.
300 _a401 pages :
_c18 cm.
650 _aFiction.
999 _c282471
_d282471